000 00400 a2200169 4500
001 188468
020 _a85-7302-770-3
040 _cMagnum
100 _aBandeira, Pedro
240 1 0 _aLembrancinhas pinçadas lááá do fundo
_lpor
245 1 0 _aLembrancinhas pinçadas lááá do fundo
300 _a111
362 0 _a2006
440 1 _aObjetiva
697 _aLITERATURA JUVENIL
942 _cBK
999 _c188468
_d188468